| 000 | 00000nam 2200000zi 4500 |
| 001 | 9.954809 |
| 003 | CaOODSP |
| 005 | 20251103144905 |
| 006 | m o d f |
| 007 | cr mn||||||||| |
| 008 | 250904s2024 onca o f000 0 fre d |
| 040 | |aCaOODSP|bfre|erda|cCaOODSP |
| 043 | |an-cn--- |
| 086 | 1 |aPS74-26/2025F-PDF |
| 245 | 00|aInnover en toute sécurité : |bconseils de sécurité à l’intention des entreprises et chercheurs du secteur des nouvelles technologies. |
| 264 | 1|a[Ottawa] : |bService canadien du renseignement de sécurité = Canadian Security Intelligence Service, |c[2024] |
| 300 | |a1 ressource en ligne (1 page non numérotée) : |billustrations |
| 336 | |atexte|btxt|2rdacontent/fre |
| 337 | |ainformatique|bc|2rdamedia/fre |
| 338 | |aressource en ligne|bcr|2rdacarrier/fre |
| 500 | |aTitre de départ. |
| 500 | |a« Non classifié. » |
| 500 | |aPublié aussi en anglais sous le titre : Secure innovation : security advice for emerging technology companies and researchers. |
| 520 | |a« Le présent document d’orientation s’adresse aux fondateurs et aux dirigeants de petites et moyennes entreprises du secteur des nouvelles technologies, mais concerne également les chercheurs du milieu de la recherche au Canada, ainsi que les décideurs dans l’ensemble des universités et des établissements de recherche publics et privés du Canada. Une sensibilisation accrue aux menaces et aux mesures d’atténuation des risques peut contribuer à protéger votre expertise et votre avantage concurrentiel et à rendre votre entreprise plus attrayante aux yeux des investisseurs et de la clientèle. La mise en Ĺ“uvre de mesures de sécurité le plus rapidement possible permet de jeter les bases nécessaires de votre réussite dans l’avenir » -- Page [1]. |
| 610 | 26|aService canadien du renseignement de sécurité. |
| 650 | 6|aService des renseignements|xGestion de l'information|zCanada. |
| 650 | 6|aSécurité nationale|xInnovations|zCanada. |
| 650 | 6|aTechnologie et relations internationales|zCanada. |
| 650 | 6|aPetites et moyennes entreprises|xInnovations|zCanada. |
| 650 | 6|aInnovations|xRecherche|zCanada. |
| 710 | 2 |aService canadien du renseignement de sécurité, |eorganisme de publication. |
| 775 | 08|tSecure innovation : |w(CaOODSP)9.954744 |
| 856 | 40|qPDF|s920 Ko|uhttps://publications.gc.ca/collections/collection_2025/scrs-csis/PS74-26-2025-fra.pdf |
| 856 | 4 |qHTML|sS.O.|uhttps://www.canada.ca/fr/service-renseignement-securite/organisation/publications/innover-en-toute-securite-entreprises.html |